Statistiques concernant Complétez les paroles de Jacques Brel

Cliquez ici pour prendre le quiz!

Statistiques générales

  • Ce quiz a été pris 244 fois
  • Le résultat moyen est 6 sur 12

Statistiques - réponses

ParolesMots manquants% Correct
Moi, je t'offrirai des perles de pluie, venues de pays __ __ __ _____ ___où il ne pleut pas
94%
Mais je te préviens, j'irai pas à Paris, d'ailleurs, j'ai horreur de tous les flonflons, de la valse musette __ __ _ _________et de l'accordéon
77%
Une valse à trois temps qui s'offre encore le temps de s'offrir des détours __ ____ __ _ _____du côté de l'amour
62%
Dans le port d'Amsterdam, y'a des marins qui dansent en se frottant la panse ___ __ _____ ___ ______sur la panse des femmes
56%
Mais mon amour, mon doux, mon tendre, mon merveilleux amour, de l'aube claire _____ _ __ ___ __ ____jusqu'à la fin du jour
50%
Les bourgeois c'est comme les cochons, plus ça devient vieux ____ __ _______ ____plus ça devient bête
49%
Quand on a que l'amour pour vivre nos promesses sans nulle autre richesse ___ _ _ ______ ________que d'y croire toujours
44%
Les autres ils disent comme ça qu'elle est trop belle pour moi, que je suis tout juste bon _ _______ ___ _____à égorger les chats
41%
Mon cœur, mon cœur, ne t'emballe pas, fais comme si tu ne savais pas que __ ________ ___ _______la Mathilde est revenue
33%
Avec la mer du Nord pour dernier terrain vague, et des vagues de dunes ____ _______ ___ ______pour arrêter les vagues
27%
Ce soir j'attends Madeleine, on ira au cinéma, je lui dirai des "je t'aime", Madeleine ____ ____ ____ __elle aime tant ça
25%
Les vieux ne parlent plus, ou alors seulement parfois __ ____ ___ ____du bout des yeux
20%

Distribution des résultats

Percentile par nombre de réponses

% des personnes avec chaque résultat

Votre développement - résultats

Vous n’avez pas pris ce quiz